000 01294nam a2200349 4500
001 59687
003 CO-BoRNBP
005 20251029153134.0
007 ta
008 050128m20059999sp | ||| ||spa
017 _aTO 811-2004
_bOficina Depósito Legal Toledo
020 _a8480551844
040 _aSpMaBN
_bspa
_cSpMaBN
_erdc
080 _a674
100 1 _aGil Espinosa, Juan Carlos
_928659
240 1 0 _aGuía práctica de carpintería
245 1 0 _aGuía práctica de carpintería
_h[Texto impreso]
_c[han colaborado, Juan Carlos Gil Espinosa, Tomás Herránz Cortés]
250 _a1a. edición
300 _av. <1>
_bil. col.
_c26 cm
336 _2rdacontent
_atexto
_btxt
337 _2rdamedia
_asin mediación
_bn
338 _2rdacarrier
_avolumen
_bnc
500 _aEn 3 v.
505 1 _a1. Trabajos con la madera (507 p.)
650 7 _aCarpintería
_2embne
_966347
700 1 _aHerranz Cortés, Tomás
_966348
942 _2ddc
_cBK
956 _a1 2
980 _aTO 811-2004
_a84-8055-184-4
_aSpMaBN
_bBNMADRID
_j5/51291
_cSG_RECOLET
_81
_av.
_81.1
_a1
_80
_av. 1
980 _aTO 811-2004
_a84-8055-184-4
_aSpMaBN
_bBNALCALA
_cSG_PETANTI
_jAHI/33519
_81
_av.
_81.1
_a1
_80
_av. 1
980 _aTO 811-2004
_a84-8055-184-4
_aSpMaBN
_bBNALCALA
_jDLi/26009
_cCONSERVACI
_81
_av.
_81.1
_a1
_80
_av. 1
999 _c59687
_d59687